00500nam a22001572 4500001001100000005001700011008004100028020002800069040001500097050001500112245007400127260004500201300001400246650005200260700003000312000000117120151217151808.0070227s xx 000 0 eng d a058232873X :cGBP 27.89 aKABUcKABU 0aGE40b.P7310aPractical skills in environmental science /cAllan Jones ... [et al.] aHarlow, England :bPrentice Hall,c2000. ax, 280 p. 0aEnvironmental sciencexMethodology.@00001497311 aJones, Allan.@0000149732